000 00436nam a22001697a 4500
003 UA-OsUOA
001 4611
007 ta
008 20050721b un ||||| |||| 00| 0 ukr d
100 _aМоторін
700 _aМ. О.
942 _cBK
040 _aUA-OsUOA
_cUA-OsUOA
_dUA-OsUOA
245 _aРоль навчально- мовл. ситуацій для стимулювання ро
_bBA Paper
955 _a2
650 7 _2UDC
999 _c290773
_d290773